Online Catalogue and eLibrary

Masculinity, Law and the Family (Record no. 1560)

MARC details
000 -LEADER
fixed length control field 00458nam a2200193Ia 4500
005 - DATE AND TIME OF LATEST TRANSACTION
control field 20250109000239.0
008 - FIXED-LENGTH DATA ELEMENTS--GENERAL INFORMATION
fixed length control field 240331s9999 xx 000 0 und d
020 ## - INTERNATIONAL STANDARD BOOK NUMBER
ISBN 0415091950
082 ## - DDC Classification
Item Number - Author Mark RIC
DDC Edition Number 5399
Class No. 305.3
100 ## - MAIN ENTRY--PERSONAL NAME
Personal name Collier, R
245 #0 - TITLE STATEMENT
Title Masculinity, Law and the Family
260 ## - PUBLICATION, DISTRIBUTION, ETC.
Place of publication, distribution, etc. London
-- New York
Name of publisher, distributor, etc. Routledge
Date of publication, distribution, etc. 1995
300 ## - PHYSICAL DESCRIPTION
Extent (e.g. Volumes, Pages etc.) xii, 331 p.,
650 ## - SUBJECT ADDED ENTRY--TOPICAL TERM
Topical term or geographic name entry element Family
650 ## - SUBJECT ADDED ENTRY--TOPICAL TERM
Topical term or geographic name entry element Masculinity
650 ## - SUBJECT ADDED ENTRY--TOPICAL TERM
Topical term or geographic name entry element Men
650 ## - SUBJECT ADDED ENTRY--TOPICAL TERM
Topical term or geographic name entry element Law
942 ## - Koha item type (Biblio)
Koha item type Books in Stacks (Lending)
Holdings
Lost status Damaged status Collection code Home library Current library Shelving location Date acquired Full call number Accession Number Item type
    Lending WERC Library WERC Library Social Science Cupboard 03/31/2024 305.3 COL 5399 Books in Stacks (Lending)

© WERC Library